000 00344nam a22001217a 4500
999 _c5581
_d5581
008 170623b xxu||||| |||| 00| 0 eng d
020 _a0787910333.
050 _a378.198 3 DUN
100 _aDUNKEL NORBERT W.
_cSCHUH JOHN H.
245 _aADVISING STUDENT GROUPS AND ORGANIZATIONS
250 _a1st ed.
260 _aSAN FRANCISCO
_bJOSSEY-BASS
_c1998